000 00964nam a22001937a 4500
005 20241128162912.0
010 _aB-761334
020 _a9789392998256
_c495.00
035 _aB-761334
037 _bउपहार
082 _a230.2
100 _aत्रिपाठी, सूर्यकान्त निराला
_974307
245 _aमहाभारत /
_cसूर्यकान्त त्रिपाठी निराला
260 _aदिल्ली
_bनयी किताब प्रकाशन
_c2023
270 _a1/11829,ग्राउंड फ्लोर, पंचशील गार्डन, नवीन शाहदरा,
_bदिल्ली
_e110032
300 _a152पृ.
_c24 सेमी(सजिल्द)
942 _2ddc
_cCH
_mत्रिपाठी
_h230.2
999 _c207182
_d207182